Modelling and LQR Based Linearized Control Strategy of Quad Rotor AirCraft / (Record no. 535057)

000 -LEADER
fixed length control field 00578nam a22001697a 4500
020 ## - INTERNATIONAL STANDARD BOOK NUMBER
Qualifying information Hard cover.
082 ## - DEWEY DECIMAL CLASSIFICATION NUMBER
Classification number 621
100 ## - MAIN ENTRY--PERSONAL NAME
Personal name Akhtar, Tehseen
245 ## - TITLE STATEMENT
Title Modelling and LQR Based Linearized Control Strategy of Quad Rotor AirCraft /
Statement of responsibility, etc. Tehseen Akhtar.
260 ## - PUBLICATION, DISTRIBUTION, ETC.
Place of publication, distribution, etc. Islamabad:
Name of publisher, distributor, etc. CEME NUST,
Date of publication, distribution, etc. 2013.
300 ## - PHYSICAL DESCRIPTION
Extent 44 p. :
Other physical details ill. ;
Dimensions 30cm.
650 ## - SUBJECT ADDED ENTRY--TOPICAL TERM
Topical term or geographic name entry element MS- Mechatronics Engineering
700 ## - ADDED ENTRY--PERSONAL NAME
Personal name Dr. Knuwar Faraz
856 ## - Uniform Resource Identifier
Uniform Resource Identifier <a href="http://10.250.8.41:8080/xmlui/handle/123456789/36905">http://10.250.8.41:8080/xmlui/handle/123456789/36905</a>
942 ## - ADDED ENTRY ELEMENTS (KOHA)
Source of classification or shelving scheme
Koha item type Soft Copy
650 ## - SUBJECT ADDED ENTRY--TOPICAL TERM
-- 34917
700 ## - ADDED ENTRY--PERSONAL NAME
-- 29557
Holdings
Withdrawn status Lost status Source of classification or shelving scheme Damaged status Not for loan Permanent Location Current Location Shelving location Date acquired Full call number Barcode Date last seen Price effective from Koha item type
          Central Library (CL) Central Library (CL) Thesis 08/28/2020 200 CL-T-230 08/28/2020 08/28/2020 Thesis
© 2023 Central Library, National University of Sciences and Technology. All Rights Reserved.